[Event "Villarobledo Online Qualifyer"]
[Site "playchess.com #155672"]
[Date "2009.05.23"]
[Round "7"]
[White "Dellacasa"]
[Black "Musterlukas"]
[Result "0-1"]
[WhiteElo "1403"]
[BlackElo "1690"]
[PlyCount "76"]
[EventDate "2009.05.23"]
[EventType "swiss (blitz)"]

1. d4 {[%emt 0:00:02]} d5 {[%emt 0:00:26]} 2. c4 {[%emt 0:00:02]} e6 {[%emt 0:
00:03]} 3. Nf3 {[%emt 0:00:03]} Nf6 {[%emt 0:00:02]} 4. e3 {[%emt 0:00:01]} Be7
{[%emt 0:00:01]} 5. Be2 {[%emt 0:00:02]} c5 {[%emt 0:00:02]} 6. O-O {[%emt 0:
00:06]} cxd4 {[%emt 0:00:02]} 7. Nxd4 {[%emt 0:00:02]} O-O {[%emt 0:00:02]} 8.
Nc3 {[%emt 0:00:08]} Nc6 {[%emt 0:00:02]} 9. Nxc6 {[%emt 0:00:03]} bxc6 {[%emt
0:00:02]} 10. cxd5 {[%emt 0:00:04]} cxd5 {[%emt 0:00:01]} 11. b3 {[%emt 0:00:
08]} a5 {[%emt 0:00:05]} 12. Bb2 {[%emt 0:00:02]} Ba6 {[%emt 0:00:02]} 13. Nb5
{[%emt 0:00:14]} Qb6 {[%emt 0:00:09]} 14. Nc3 {[%emt 0:00:10]} Rfc8 {[%emt 0:
00:23]} 15. Bxa6 {[%emt 0:00:07]} Rxa6 {[%emt 0:00:10]} 16. Rc1 {[%emt 0:00:04]
} Qb7 {[%emt 0:00:08]} 17. Qe2 {[%emt 0:00:06]} Rac6 {[%emt 0:00:04]} 18. Qe1 {
[%emt 0:00:16]} Bb4 {[%emt 0:00:04]} 19. a3 {[%emt 0:00:11]} Be7 {[%emt 0:00:
05]} 20. Qd2 {[%emt 0:00:17]} Qxb3 {[%emt 0:00:03]} 21. Rb1 {[%emt 0:00:13]}
Rxc3 {[%emt 0:00:13]} 22. Bxc3 {[%emt 0:00:04]} Qxc3 {[%emt 0:00:01]} 23. Qxc3
{[%emt 0:00:06]} Rxc3 {[%emt 0:00:02]} 24. Rb8+ {[%emt 0:00:11]} Bf8 {[%emt 0:
00:02]} 25. Rfb1 {[%emt 0:00:08]} g6 {[%emt 0:00:05]} 26. g3 {[%emt 0:00:05]}
Ne4 {[%emt 0:00:06]} 27. R1b7 {[%emt 0:00:05]} Kg7 {[%emt 0:00:02]} 28. Rd8 {
[%emt 0:00:11]} Bxa3 {[%emt 0:00:07]} 29. Rdd7 {[%emt 0:00:04]} Nd6 {[%emt 0:
00:02]} 30. Kg2 {[%emt 0:00:19]} Rc2 {[%emt 0:00:18]} 31. Ra7 {[%emt 0:00:06]}
Bb4 {[%emt 0:00:02]} 32. Kf3 {[%emt 0:00:06]} g5 {[%emt 0:00:11]} 33. Kg4 {
[%emt 0:00:06]} Kg6 {[%emt 0:00:02]} 34. Kf3 {[%emt 0:00:04]} h5 {[%emt 0:00:
04]} 35. Kg2 {[%emt 0:00:02]} g4 {[%emt 0:00:09]} 36. h3 {[%emt 0:00:02]} gxh3+
{[%emt 0:00:01]} 37. Kxh3 {[%emt 0:00:01]} Rxf2 {[%emt 0:00:01]} 38. Kh4 {
[%emt 0:00:01]} Rh2# {[%emt 0:00:10]} 0-1

[Event "Villarobledo Online Qualifyer"]
[Site "playchess.com #155672"]
[Date "2009.05.23"]
[Round "7"]
[White "Torresh"]
[Black "MateJaque"]
[Result "1-0"]
[WhiteElo "2076"]
[BlackElo "2175"]
[PlyCount "91"]
[EventDate "2009.05.23"]
[EventType "swiss (blitz)"]

1. e4 {[%emt 0:00:02]} c5 {[%emt 0:00:02]} 2. Nf3 {[%emt 0:00:01]} Nc6 {[%emt
0:00:01]} 3. d4 {[%emt 0:00:01]} cxd4 {[%emt 0:00:01]} 4. Nxd4 {[%emt 0:00:01]}
g6 {[%emt 0:00:02]} 5. Nc3 {[%emt 0:00:07]} Bg7 {[%emt 0:00:01]} 6. Be3 {[%emt
0:00:02]} Nf6 {[%emt 0:00:01]} 7. Nb3 {[%emt 0:00:07]} O-O {[%emt 0:00:03]} 8.
Be2 {[%emt 0:00:01]} a5 {[%emt 0:00:01]} 9. a4 {[%emt 0:00:03]} d6 {[%emt 0:00:
01]} 10. O-O {[%emt 0:00:03]} Nb4 {[%emt 0:00:04]} 11. f4 {[%emt 0:00:03]} Bd7
{[%emt 0:00:05]} 12. Bf3 {[%emt 0:00:01]} Bc6 {[%emt 0:00:02]} 13. Rf2 {[%emt
0:00:05]} Nd7 {[%emt 0:00:02]} 14. Rd2 {[%emt 0:00:09]} Qc7 {[%emt 0:00:05]}
15. Bd4 {[%emt 0:00:08]} Bxd4+ {[%emt 0:00:04]} 16. Rxd4 {[%emt 0:00:04]} Nc5 {
[%emt 0:00:02]} 17. Rc4 {[%emt 0:00:26]} b6 {[%emt 0:00:05]} 18. Nd5 {[%emt 0:
00:12]} Bxd5 {[%emt 0:00:06]} 19. exd5 {[%emt 0:00:01]} Qd7 {[%emt 0:00:07]}
20. c3 {[%emt 0:01:04]} Nba6 {[%emt 0:00:02]} 21. Nd4 {[%emt 0:00:03]} Rac8 {
[%emt 0:00:13]} 22. Bg4 {[%emt 0:00:01]} f5 {[%emt 0:00:06]} 23. Be2 {[%emt 0:
00:03]} Nc7 {[%emt 0:00:04]} 24. b4 {[%emt 0:00:11]} Ne4 {[%emt 0:00:08]} 25.
Nb5 {[%emt 0:00:33]} Nxb5 {[%emt 0:00:07]} 26. axb5 {[%emt 0:00:01]} Nxc3 {
[%emt 0:00:11]} 27. Qe1 {[%emt 0:00:11]} axb4 {[%emt 0:00:13] '} 28. Rxb4 {
[%emt 0:00:03]} Nxd5 {[%emt 0:00:15]} 29. Bc4 {[%emt 0:00:03]} e6 {[%emt 0:00:
01]} 30. Bxd5 {[%emt 0:00:02]} exd5 {[%emt 0:00:01]} 31. Qd2 {[%emt 0:00:02]}
Rc5 {[%emt 0:00:01]} 32. Rab1 {[%emt 0:00:07]} Re8 {[%emt 0:00:03]} 33. Rd4 {
[%emt 0:00:01]} Qe6 {[%emt 0:00:02]} 34. h3 {[%emt 0:00:03]} Re7 {[%emt 0:00:
07]} 35. Kh2 {[%emt 0:00:01]} h6 {[%emt 0:00:08]} 36. Ra4 {[%emt 0:00:01]} Kf7
{[%emt 0:00:03]} 37. Qb2 {[%emt 0:00:01]} Qf6 {[%emt 0:00:03]} 38. Qa2 {[%emt
0:00:02]} g5 {[%emt 0:00:06]} 39. Ra7 {[%emt 0:00:05]} Kg6 {[%emt 0:00:10]} 40.
Rxe7 {[%emt 0:00:02]} Qxe7 {[%emt 0:00:01]} 41. Qa8 {[%emt 0:00:01]} g4 {[%emt
0:00:10]} 42. Qg8+ {[%emt 0:00:01]} Kh5 {[%emt 0:00:02]} 43. hxg4+ {[%emt 0:00:
01]} fxg4 {[%emt 0:00:01]} 44. f5 {[%emt 0:00:01]} Rc2 {[%emt 0:00:10]} 45.
Qg6+ {[%emt 0:00:02]} Kh4 {[%emt 0:00:11]} 46. Qxh6# {[%emt 0:00:01]} 1-0

[Event "Villarobledo Online Qualifyer"]
[Site "playchess.com #155672"]
[Date "2009.05.23"]
[Round "7"]
[White "Orzechowski_Jac"]
[Black "Unicorn"]
[Result "1-0"]
[WhiteElo "2196"]
[BlackElo "2587"]
[PlyCount "83"]
[EventDate "2009.05.23"]
[EventType "swiss (blitz)"]

1. c4 {[%emt 0:00:03]} e6 {[%emt 0:00:01]} 2. Nc3 {[%emt 0:00:01]} Nf6 {[%emt
0:00:00]} 3. e4 {[%emt 0:00:01]} d6 {[%emt 0:00:02]} 4. d4 {[%emt 0:00:02]}
Nbd7 {[%emt 0:00:01]} 5. Nf3 {[%emt 0:00:02]} c5 {[%emt 0:00:01]} 6. d5 {[%emt
0:00:10]} exd5 {[%emt 0:00:02]} 7. exd5 {[%emt 0:00:02]} g6 {[%emt 0:00:01]} 8.
Bf4 {[%emt 0:00:11]} Be7 {[%emt 0:00:30]} 9. Bd3 {[%emt 0:00:20]} O-O {[%emt 0:
00:04]} 10. h3 {[%emt 0:00:02]} a6 {[%emt 0:00:02]} 11. O-O {[%emt 0:00:03]}
Re8 {[%emt 0:00:01]} 12. Re1 {[%emt 0:00:08]} Bf8 {[%emt 0:00:02]} 13. Qd2 {
[%emt 0:00:14]} b5 {[%emt 0:00:24]} 14. Rxe8 {[%emt 0:00:10]} Qxe8 {[%emt 0:00:
09]} 15. cxb5 {[%emt 0:00:12]} Bb7 {[%emt 0:00:17]} 16. bxa6 {[%emt 0:00:12]}
Bxa6 {[%emt 0:00:00]} 17. Bxa6 {[%emt 0:00:04]} Rxa6 {[%emt 0:00:00]} 18. Re1 {
[%emt 0:00:19]} Qb8 {[%emt 0:00:05]} 19. b3 {[%emt 0:00:19]} Qb4 {[%emt 0:00:
05]} 20. Qd3 {[%emt 0:00:29]} Ra8 {[%emt 0:00:16]} 21. Bd2 {[%emt 0:00:05]} Qb7
{[%emt 0:00:05]} 22. Ng5 {[%emt 0:00:07]} Nb6 {[%emt 0:00:09]} 23. Nge4 {[%emt
0:00:03]} Nbd7 {[%emt 0:00:06]} 24. Nxf6+ {[%emt 0:00:01]} Nxf6 {[%emt 0:00:00]
} 25. Bg5 {[%emt 0:00:01]} Nd7 {[%emt 0:00:02]} 26. Ne4 {[%emt 0:00:02]} Rxa2 {
[%emt 0:00:10]} 27. Nf6+ {[%emt 0:00:01]} Nxf6 {[%emt 0:00:02]} 28. Bxf6 {
[%emt 0:00:00]} Ra8 {[%emt 0:00:06]} 29. Qc4 {[%emt 0:00:11]} Qd7 {[%emt 0:00:
11]} 30. Re3 {[%emt 0:00:02]} Rb8 {[%emt 0:00:23]} 31. Bb2 {[%emt 0:00:04]} Qf5
{[%emt 0:00:05]} 32. Qc3 {[%emt 0:00:05]} f6 {[%emt 0:00:10]} 33. Rf3 {[%emt 0:
00:02]} Qb1+ {[%emt 0:00:01]} 34. Kh2 {[%emt 0:00:01]} Bg7 {[%emt 0:00:01]} 35.
Rxf6 {[%emt 0:00:03]} Qe4 {[%emt 0:00:22]} 36. Rf8+ {[%emt 0:00:14]} Bxf8 {
[%emt 0:00:01]} 37. Qh8+ {[%emt 0:00:01]} Kf7 {[%emt 0:00:01]} 38. Qxh7+ {
[%emt 0:00:03]} Ke8 {[%emt 0:00:01]} 39. Qc7 {[%emt 0:00:01]} Qf4+ {[%emt 0:00:
01]} 40. Kg1 {[%emt 0:00:02]} Rxb3 {[%emt 0:00:01]} 41. Qc8+ {[%emt 0:00:05]}
Kf7 {[%emt 0:00:01]} 42. Qe6# {[%emt 0:00:01]} 1-0

[Event "Villarobledo Online Qualifyer"]
[Site "playchess.com #155672"]
[Date "2009.05.23"]
[Round "7"]
[White "Promotionfou"]
[Black "Secondwind"]
[Result "1-0"]
[WhiteElo "2109"]
[BlackElo "2325"]
[PlyCount "93"]
[EventDate "2009.05.23"]
[EventType "swiss (blitz)"]

1. e4 {[%emt 0:00:02]} c5 {[%emt 0:00:01]} 2. Nc3 {[%emt 0:00:01]} Nc6 {[%emt
0:00:02]} 3. g3 {[%emt 0:00:01]} g6 {[%emt 0:00:02]} 4. Bg2 {[%emt 0:00:00]}
Bg7 {[%emt 0:00:00]} 5. d3 {[%emt 0:00:00]} e6 {[%emt 0:00:06]} 6. Be3 {[%emt
0:00:02]} Nd4 {[%emt 0:00:02]} 7. f4 {[%emt 0:00:03]} Ne7 {[%emt 0:00:02]} 8.
Nf3 {[%emt 0:00:03]} d6 {[%emt 0:00:07]} 9. O-O {[%emt 0:00:01]} Rb8 {[%emt 0:
00:04]} 10. e5 {[%emt 0:00:15]} Nef5 {[%emt 0:00:04]} 11. Bf2 {[%emt 0:00:01]}
Nxf3+ {[%emt 0:00:07]} 12. Qxf3 {[%emt 0:00:07]} Nd4 {[%emt 0:00:04]} 13. Qd1 {
[%emt 0:00:06]} dxe5 {[%emt 0:00:10]} 14. fxe5 {[%emt 0:00:02]} Bxe5 {[%emt 0:
00:01]} 15. Ne4 {[%emt 0:00:00]} Qc7 {[%emt 0:00:37]} 16. c3 {[%emt 0:00:07]}
Nc6 {[%emt 0:00:20]} 17. Nxc5 {[%emt 0:00:03]} O-O {[%emt 0:00:07]} 18. d4 {
[%emt 0:00:01]} Bg7 {[%emt 0:00:02]} 19. Ne4 {[%emt 0:00:13]} b5 {[%emt 0:00:
05]} 20. Qf3 {[%emt 0:00:05]} f5 {[%emt 0:00:10]} 21. Nc5 {[%emt 0:00:08]} Ne7
{[%emt 0:00:08]} 22. Rae1 {[%emt 0:00:04]} Rb6 {[%emt 0:00:04]} 23. Qd3 {[%emt
0:00:15]} Nd5 {[%emt 0:00:20]} 24. Bxd5 {[%emt 0:00:07]} exd5 {[%emt 0:00:01]}
25. Be3 {[%emt 0:00:01]} b4 {[%emt 0:00:07]} 26. Bf4 {[%emt 0:00:01]} Qd8 {
[%emt 0:00:03]} 27. Be5 {[%emt 0:00:06]} Bh6 {[%emt 0:00:05]} 28. Bf4 {[%emt 0:
00:06]} Bg7 {[%emt 0:00:03]} 29. Re2 {[%emt 0:00:06]} bxc3 {[%emt 0:00:01]} 30.
bxc3 {[%emt 0:00:01]} Re8 {[%emt 0:00:14]} 31. Rfe1 {[%emt 0:00:02]} Rxe2 {
[%emt 0:00:01]} 32. Qxe2 {[%emt 0:00:02]} Kf7 {[%emt 0:00:03]} 33. Bg5 {[%emt
0:00:19]} Bf6 {[%emt 0:00:05]} 34. Bxf6 {[%emt 0:00:03]} Rxf6 {[%emt 0:00:00]}
35. Qe5 {[%emt 0:00:12]} g5 {[%emt 0:00:13]} 36. Qb8 {[%emt 0:00:04]} f4 {
[%emt 0:00:04]} 37. Qxa7+ {[%emt 0:00:03]} Kg6 {[%emt 0:00:02]} 38. Re7 {[%emt
0:00:07]} Qg8 {[%emt 0:00:09]} 39. Nd3 {[%emt 0:00:21]} fxg3 {[%emt 0:00:03]}
40. Ne5+ {[%emt 0:00:01]} Kf5 {[%emt 0:00:06]} 41. hxg3 {[%emt 0:00:02]} g4 {
[%emt 0:00:04]} 42. Rg7 {[%emt 0:00:10]} Qd8 {[%emt 0:00:03]} 43. Rxg4 {[%emt
0:00:05]} Rh6 {[%emt 0:00:08]} 44. Rf4+ {[%emt 0:00:04]} Ke6 {[%emt 0:00:01]}
45. Qf7+ {[%emt 0:00:05]} Kd6 {[%emt 0:00:01]} 46. Qg7 {[%emt 0:00:06]} Re6 {
[%emt 0:00:02]} 47. Nf7+ {[%emt 0:00:02] Secondwind gibt auf} 1-0

[Event "Villarobledo Online Qualifyer"]
[Site "playchess.com #155672"]
[Date "2009.05.23"]
[Round "7"]
[White "Ferdi Sert"]
[Black "Hauberk"]
[Result "0-1"]
[WhiteElo "1872"]
[BlackElo "2323"]
[PlyCount "92"]
[EventDate "2009.05.23"]
[EventType "swiss (blitz)"]

1. e4 {[%emt 0:00:02]} e5 {[%emt 0:00:02]} 2. Nf3 {[%emt 0:00:01]} Nc6 {[%emt
0:00:01]} 3. Bb5 {[%emt 0:00:01]} Bc5 {[%emt 0:00:01]} 4. O-O {[%emt 0:00:02]}
Nd4 {[%emt 0:00:01]} 5. Nxd4 {[%emt 0:00:01]} Bxd4 {[%emt 0:00:00]} 6. d3 {
[%emt 0:00:01]} c6 {[%emt 0:00:05]} 7. Bc4 {[%emt 0:00:02]} d6 {[%emt 0:00:02]}
8. c3 {[%emt 0:00:01]} Bb6 {[%emt 0:00:01]} 9. a4 {[%emt 0:00:02]} a5 {[%emt 0:
00:05]} 10. Kh1 {[%emt 0:00:05]} Qh4 {[%emt 0:00:11]} 11. Bxf7+ {[%emt 0:00:18]
} Kxf7 {[%emt 0:00:34]} 12. Qb3+ {[%emt 0:00:02]} Kg6 {[%emt 0:00:27]} 13. Qxb6
{[%emt 0:00:03]} Nf6 {[%emt 0:00:01]} 14. Qe3 {[%emt 0:00:01]} Ng4 {[%emt 0:00:
11]} 15. Qg3 {[%emt 0:00:01]} Qxg3 {[%emt 0:00:03]} 16. fxg3 {[%emt 0:00:06]}
Be6 {[%emt 0:00:01]} 17. h3 {[%emt 0:00:05]} Rhf8 {[%emt 0:00:01]} 18. Rf3 {
[%emt 0:00:12]} Nf2+ {[%emt 0:00:10]} 19. Kg1 {[%emt 0:00:15]} Nxh3+ {[%emt 0:
00:11]} 20. Kf1 {[%emt 0:00:17]} Bg4 {[%emt 0:00:16]} 21. Rxf8 {[%emt 0:00:15]}
Rxf8+ {[%emt 0:00:00]} 22. Ke1 {[%emt 0:00:01]} Nf2 {[%emt 0:00:06]} 23. Kd2 {
[%emt 0:00:19]} Nh1 {[%emt 0:00:01]} 24. Kc2 {[%emt 0:00:08]} Rf2+ {[%emt 0:00:
08]} 25. Kb3 {[%emt 0:00:03]} Rf1 {[%emt 0:00:09]} 26. Nd2 {[%emt 0:00:07]} Rg1
{[%emt 0:00:09]} 27. Nf3 {[%emt 0:00:07]} Bxf3 {[%emt 0:00:03]} 28. gxf3 {
[%emt 0:00:01]} Nxg3 {[%emt 0:00:01]} 29. Ka2 {[%emt 0:00:12]} h5 {[%emt 0:00:
06]} 30. Be3 {[%emt 0:00:03]} Rxa1+ {[%emt 0:00:02]} 31. Kxa1 {[%emt 0:00:01]}
h4 {[%emt 0:00:01]} 32. Bf2 {[%emt 0:00:02]} Kg5 {[%emt 0:00:03]} 33. Be3+ {
[%emt 0:00:04]} Kh5 {[%emt 0:00:01]} 34. Bf2 {[%emt 0:00:02]} Nf1 {[%emt 0:00:
06]} 35. b4 {[%emt 0:00:09]} h3 {[%emt 0:00:07]} 36. bxa5 {[%emt 0:00:03]} h2 {
[%emt 0:00:01]} 37. d4 {[%emt 0:00:01]} h1=Q {[%emt 0:00:01]} 38. a6 {[%emt 0:
00:11]} bxa6 {[%emt 0:00:01]} 39. Kb2 {[%emt 0:00:01]} Qxf3 {[%emt 0:00:02]}
40. Be1 {[%emt 0:00:02]} Qxe4 {[%emt 0:00:02]} 41. dxe5 {[%emt 0:00:02]} dxe5 {
[%emt 0:00:03]} 42. Bf2 {[%emt 0:00:03]} Qe2+ {[%emt 0:00:01]} 43. Kb3 {[%emt
0:00:01]} Qxf2 {[%emt 0:00:01]} 44. Kb4 {[%emt 0:00:01]} Qb6+ {[%emt 0:00:02]}
45. Ka3 {[%emt 0:00:02]} Ne3 {[%emt 0:00:01]} 46. a5 {[%emt 0:00:04]} Nc4+ {
[%emt 0:00:01] Time} 0-1

[Event "Villarobledo Online Qualifyer"]
[Site "playchess.com #155672"]
[Date "2009.05.23"]
[Round "7"]
[White "Novoselski"]
[Black "Ajaraisk"]
[Result "0-1"]
[WhiteElo "2529"]
[BlackElo "2152"]
[PlyCount "116"]
[EventDate "2009.05.23"]
[EventType "swiss (blitz)"]

1. d4 {[%emt 0:00:02]} Nf6 {[%emt 0:00:00]} 2. Nf3 {[%emt 0:00:02]} c5 {[%emt
0:00:01]} 3. d5 {[%emt 0:00:03]} d6 {[%emt 0:00:01]} 4. g3 {[%emt 0:00:02]} g6
{[%emt 0:00:00]} 5. Bg2 {[%emt 0:00:01]} Bg7 {[%emt 0:00:00]} 6. O-O {[%emt 0:
00:00]} O-O {[%emt 0:00:00]} 7. c4 {[%emt 0:00:01]} Na6 {[%emt 0:00:01]} 8. Nc3
{[%emt 0:00:01]} Nc7 {[%emt 0:00:00]} 9. a4 {[%emt 0:00:02]} Rb8 {[%emt 0:00:
02]} 10. a5 {[%emt 0:00:02]} b5 {[%emt 0:00:06]} 11. axb6 {[%emt 0:00:06]} axb6
{[%emt 0:00:01]} 12. Qd3 {[%emt 0:00:17]} Bd7 {[%emt 0:00:04]} 13. e4 {[%emt 0:
00:07]} b5 {[%emt 0:00:01]} 14. Nd2 {[%emt 0:00:04]} bxc4 {[%emt 0:00:03]} 15.
Nxc4 {[%emt 0:00:01]} Nb5 {[%emt 0:00:01]} 16. Be3 {[%emt 0:00:17]} Ng4 {[%emt
0:00:04]} 17. Bd2 {[%emt 0:00:08]} Nd4 {[%emt 0:00:10]} 18. h3 {[%emt 0:00:09]}
Ne5 {[%emt 0:00:03]} 19. Nxe5 {[%emt 0:00:02]} Bxe5 {[%emt 0:00:00]} 20. Be3 {
[%emt 0:00:04]} Rxb2 {[%emt 0:00:03]} 21. f4 {[%emt 0:00:35]} Bg7 {[%emt 0:00:
06]} 22. e5 {[%emt 0:00:13]} Bf5 {[%emt 0:00:17]} 23. Ne4 {[%emt 0:00:15]} Rb3
{[%emt 0:00:22]} 24. Qd2 {[%emt 0:00:02]} Qb6 {[%emt 0:00:15]} 25. Ra2 {[%emt
0:00:27]} dxe5 {[%emt 0:00:14]} 26. g4 {[%emt 0:00:12]} exf4 {[%emt 0:00:08]}
27. Rxf4 {[%emt 0:00:08]} Ne2+ {[%emt 0:00:53] '} 28. Qxe2 {[%emt 0:00:02]}
Rxe3 {[%emt 0:00:00]} 29. Qc2 {[%emt 0:00:07]} Bd4 {[%emt 0:00:10]} 30. Kh1 {
[%emt 0:00:01]} Bxe4 {[%emt 0:00:06]} 31. Rxe4 {[%emt 0:00:02]} Rc3 {[%emt 0:
00:11]} 32. Qd2 {[%emt 0:00:01]} Qb1+ {[%emt 0:00:03]} 33. Re1 {[%emt 0:00:01]}
Qb3 {[%emt 0:00:17]} 34. Rb2 {[%emt 0:00:05]} Rxh3+ {[%emt 0:00:04]} 35. Bxh3 {
[%emt 0:00:04]} Qxh3+ {[%emt 0:00:00]} 36. Qh2 {[%emt 0:00:00]} Qxh2+ {[%emt 0:
00:06]} 37. Kxh2 {[%emt 0:00:00]} Bxb2 {[%emt 0:00:01]} 38. Rxe7 {[%emt 0:00:
01]} Rd8 {[%emt 0:00:02]} 39. Rb7 {[%emt 0:00:02]} Be5+ {[%emt 0:00:02]} 40.
Kg2 {[%emt 0:00:00]} Rxd5 {[%emt 0:00:00]} 41. Kf3 {[%emt 0:00:00]} Rd4 {[%emt
0:00:09]} 42. g5 {[%emt 0:00:03]} Rf4+ {[%emt 0:00:04]} 43. Ke3 {[%emt 0:00:02]
} Rf5 {[%emt 0:00:01]} 44. Ke4 {[%emt 0:00:03]} Rxg5 {[%emt 0:00:02]} 45. Re7 {
[%emt 0:00:00]} Kg7 {[%emt 0:00:02]} 46. Re8 {[%emt 0:00:01]} h5 {[%emt 0:00:
01]} 47. Rc8 {[%emt 0:00:01]} Bf6 {[%emt 0:00:03]} 48. Kf4 {[%emt 0:00:01]}
Rg4+ {[%emt 0:00:01]} 49. Kf3 {[%emt 0:00:01]} Bd4 {[%emt 0:00:01]} 50. Rc6 {
[%emt 0:00:01]} Rg5 {[%emt 0:00:02]} 51. Rc8 {[%emt 0:00:01]} h4 {[%emt 0:00:
01]} 52. Rb8 {[%emt 0:00:02]} h3 {[%emt 0:00:01]} 53. Rb1 {[%emt 0:00:00]} h2 {
[%emt 0:00:01]} 54. Rh1 {[%emt 0:00:01]} Bg1 {[%emt 0:00:01]} 55. Ke4 {[%emt 0:
00:01]} c4 {[%emt 0:00:02]} 56. Kf3 {[%emt 0:00:03]} c3 {[%emt 0:00:01]} 57.
Ke2 {[%emt 0:00:00]} Rd5 {[%emt 0:00:02]} 58. Kf3 {[%emt 0:00:01]} c2 {[%emt 0:
00:01] Novoselski resigns} 0-1

[Event "Villarobledo Online Qualifyer"]
[Site "playchess.com #155672"]
[Date "2009.05.23"]
[Round "7"]
[White "Fotros"]
[Black "Burim999"]
[Result "0-1"]
[WhiteElo "1811"]
[BlackElo "1544"]
[PlyCount "120"]
[EventDate "2009.05.23"]
[EventType "swiss (blitz)"]

1. e4 {[%emt 0:00:02]} c5 {[%emt 0:00:02]} 2. f4 {[%emt 0:00:01]} d6 {[%emt 0:
00:01]} 3. h3 {[%emt 0:00:01]} Nc6 {[%emt 0:00:04]} 4. g4 {[%emt 0:00:01]} e6 {
[%emt 0:00:02]} 5. Bg2 {[%emt 0:00:01]} Nf6 {[%emt 0:00:03]} 6. g5 {[%emt 0:00:
05]} Nd7 {[%emt 0:00:01]} 7. Ne2 {[%emt 0:00:04]} Be7 {[%emt 0:00:01]} 8. d3 {
[%emt 0:00:04]} f6 {[%emt 0:00:01]} 9. h4 {[%emt 0:00:06]} fxg5 {[%emt 0:00:02]
} 10. hxg5 {[%emt 0:00:05]} b6 {[%emt 0:00:04]} 11. Nbc3 {[%emt 0:00:15]} Bb7 {
[%emt 0:00:01]} 12. Be3 {[%emt 0:00:01]} Qc7 {[%emt 0:00:01]} 13. Nb5 {[%emt 0:
00:01]} Qb8 {[%emt 0:00:05]} 14. Bh3 {[%emt 0:00:25]} a6 {[%emt 0:00:05]} 15.
Nbc3 {[%emt 0:00:12]} Nf8 {[%emt 0:00:04]} 16. Qd2 {[%emt 0:00:09]} Qc7 {[%emt
0:00:02]} 17. d4 {[%emt 0:00:05]} O-O-O {[%emt 0:00:02]} 18. d5 {[%emt 0:00:08]
} Na7 {[%emt 0:00:12]} 19. O-O-O {[%emt 0:00:20]} Kb8 {[%emt 0:00:11]} 20. f5 {
[%emt 0:00:27]} e5 {[%emt 0:00:05]} 21. Ng3 {[%emt 0:00:07]} Bc8 {[%emt 0:00:
12]} 22. Nh5 {[%emt 0:00:08]} Rg8 {[%emt 0:00:03]} 23. Rdf1 {[%emt 0:00:10]}
Nd7 {[%emt 0:00:05]} 24. f6 {[%emt 0:00:16]} gxf6 {[%emt 0:00:02]} 25. Be6 {
[%emt 0:00:05]} Rg6 {[%emt 0:00:10]} 26. Bf7 {[%emt 0:00:05]} fxg5 {[%emt 0:00:
17]} 27. Bxg6 {[%emt 0:00:01]} hxg6 {[%emt 0:00:01]} 28. Ng7 {[%emt 0:00:02]}
g4 {[%emt 0:00:15]} 29. Ne6 {[%emt 0:00:03]} Qb7 {[%emt 0:00:01]} 30. Nxd8 {
[%emt 0:00:05]} Bxd8 {[%emt 0:00:02]} 31. Rh8 {[%emt 0:00:04]} Qc7 {[%emt 0:00:
03]} 32. Qg2 {[%emt 0:00:07]} Nf6 {[%emt 0:00:02]} 33. Bg5 {[%emt 0:00:06]} Qg7
{[%emt 0:00:02]} 34. Rfh1 {[%emt 0:00:11]} Nb5 {[%emt 0:00:07]} 35. Bxf6 {
[%emt 0:00:03]} Bxf6 {[%emt 0:00:03]} 36. Nxb5 {[%emt 0:00:02]} axb5 {[%emt 0:
00:03]} 37. R1h7 {[%emt 0:00:01]} Qxh8 {[%emt 0:00:01]} 38. Rxh8 {[%emt 0:00:
01]} Bxh8 {[%emt 0:00:01]} 39. Qh2 {[%emt 0:00:02]} Bf6 {[%emt 0:00:02]} 40.
Kd2 {[%emt 0:00:02]} Bg5+ {[%emt 0:00:01]} 41. Ke2 {[%emt 0:00:01]} Bf4 {[%emt
0:00:01]} 42. Qg2 {[%emt 0:00:01]} g3 {[%emt 0:00:01]} 43. Kf3 {[%emt 0:00:01]}
Bd7 {[%emt 0:00:02]} 44. b3 {[%emt 0:00:01]} g5 {[%emt 0:00:03]} 45. c4 {[%emt
0:00:02]} g4+ {[%emt 0:00:01]} 46. Ke2 {[%emt 0:00:01]} bxc4 {[%emt 0:00:01]}
47. bxc4 {[%emt 0:00:01]} b5 {[%emt 0:00:01]} 48. cxb5 {[%emt 0:00:01]} Bxb5+ {
[%emt 0:00:01]} 49. Kd1 {[%emt 0:00:01]} Bd3 {[%emt 0:00:01]} 50. a4 {[%emt 0:
00:03]} c4 {[%emt 0:00:15] '} 51. Qb2+ {[%emt 0:00:02]} Kc8 {[%emt 0:00:02]}
52. a5 {[%emt 0:00:06]} Be3 {[%emt 0:00:06]} 53. a6 {[%emt 0:00:04]} g2 {[%emt
0:00:05]} 54. Qxg2 {[%emt 0:00:03]} c3 {[%emt 0:00:03]} 55. Qxg4+ {[%emt 0:00:
01]} Kc7 {[%emt 0:00:02]} 56. Qg7+ {[%emt 0:00:04]} Kb6 {[%emt 0:00:01]} 57.
Qb7+ {[%emt 0:00:01]} Kc5 {[%emt 0:00:01]} 58. Qc6+ {[%emt 0:00:01]} Kb4 {
[%emt 0:00:01]} 59. Qb7+ {[%emt 0:00:01]} Ka3 {[%emt 0:00:01]} 60. Qb3+ {[%emt
0:00:03]} Kxb3 {[%emt 0:00:01] Fotros resigns} 0-1